000 00757nam a2200253 i 4500
001 000032561
003 DO-SdBNP
005 20230921084501.0
006 a||||gr|||| 00| 0
007 ta
008 110719n19uu dr 000 0 spa d
040 _aDO-SdBNP
_bspa
_cBNPHU
_drda
082 4 _bF487c
_222
100 1 _aFilmore Swain, George
_958496
245 1 0 _aComo se estudia. /
_cGeorge Filmore Swain ; traductor J. Antonio Thomén.
264 _aSanto Domingo :
_bImpresora Nacional,
_c[200?]
300 _a18 páginas ;
_c26 cm.
336 _2rdacontent
_atexto
_btxt
337 _2rdamedia
_asin mediación
_bn
338 _2rdacarrier
_avolumen
_bnc
590 _aInventariado 2023 / MF
700 1 2 _aThomén, J. Antonio
_958497
942 _2ddc
_cLF2
999 _c32052
_d32052